50 Biggest Cities of the Midwestern United States in 1840 - Statistics

General Stats
  • This quiz has been taken 16 times
  • The average score is 21 of 50
Answers on the Map
Answers color-coded by a green-red scale on the quiz's map according to % correct below.
 
Answer Stats
Population State /
Territory
City % Correct
4,470 IL Chicago
100%
2,692 IN Indianapolis
100%
16,469 MO St. Louis
100%
46,338 OH Cincinnati
93%
6,071 OH Cleveland
93%
9,102 MI Detroit
93%
1,580 IN Fort Wayne
93%
1,712 WI Milwaukee
93%
1,665 OH Akron
87%
6,048 OH Columbus
87%
6,067 OH Dayton
87%
1,467 IL Peoria
87%
2,579 IL Springfield
80%
2,062 OH Springfield
80%
2,558 IL Joliet
60%
2,076 IN Terre Haute
53%
1,799 OH Canton
47%
1,570 IN Lafayette
47%
1,703 MI Monroe
40%
3,798 IN Madison
33%
2,319 IL Quincy
33%
1,441 MO St. Charles
33%
4,247 OH Steubenville
33%
1,509 OH Warren
33%
1,904 MI Pontiac
27%
1,433 OH Sandusky
27%
1,792 IN Vincennes
27%
4,766 OH Zanesville
27%
3,272 OH Lancaster
20%
1,422 OH Massillon
20%
4,226 IN New Albany
20%
2,705 OH Newark
20%
2,340 IL Alton
13%
1,672 MO Boonville
13%
1,634 OH Bucyrus
13%
3,977 OH Chillicothe
13%
1,843 IL Galena
13%
1,900 IL Jacksonville
13%
1,814 OH Marietta
13%
2,362 OH Mount Vernon
13%
2,450 IL Nauvoo
13%
1,481 OH Piqua
13%
1,544 OH Portsmouth
13%
2,070 IN Richmond
13%
1,913 OH Wooster
13%
2,329 OH Circleville
7%
1,528 OH Lebanon
7%
1,490 OH New Lisbon
7%
1,577 OH Ohio City
7%
1,780 IL Shawneetown
7%
No matching quizzes found
Score Distribution
Percent of People with Each Score
Percentile by Number Answered
Your Score History
You have not taken this quiz